Thoughts by our Founder. (Record n. 37702)

Dettagli MARC
000 -LEADER
fixed length control field 00873nam a22001817a 4500
003 - CONTROL NUMBER IDENTIFIER
control field IT-RoPau
005 - DATE AND TIME OF LATEST TRANSACTION
control field 20220918175937.0
008 - FIXED-LENGTH DATA ELEMENTS--GENERAL INFORMATION
fixed length control field 121221b xxu||||| |||| 00| 0 eng d
040 ## - CATALOGING SOURCE
Transcribing agency IT-RoPau
100 ## - MAIN ENTRY--PERSONAL NAME
Personal name Alberione James [Giacomo]
Fuller form of name Fondatore Famiglia Paolina
9 (RLIN) 96
245 ## - TITLE STATEMENT
Title Thoughts by our Founder.
Remainder of title The very Rev. James Alberione, SSP Compiled and translated from the "Pauline Calendar" - 1959
250 ## - EDITION STATEMENT
Edition statement I
260 ## - PUBLICATION, DISTRIBUTION, ETC. (IMPRINT)
Place of publication, distribution, etc. Canfield,Ohio
Name of publisher, distributor, etc. SSP
Date of publication, distribution, etc. 1960
300 ## - PHYSICAL DESCRIPTION
Extent 95 p.
Dimensions 18 cm
490 ## - SERIES STATEMENT
Series statement I
Volume/sequential designation I
520 ## - SUMMARY, ETC.
Summary, etc. PREFACE<br/><br/>JANUARY<br/>FEBRUARY<br/>MARCH<br/>APRIL<br/>MAY<br/>JUNE<br/>JULY<br/>AUGUST<br/>SEPTEMBER<br/>OCTOBER<br/>NOVEMBER<br/>DECEMBER<br/><br/>Appendix I - WALKING IN OUR WAY<br/>Appendix II - SPIRITUAL DIRECTION, by Alberione<br/>Appendix III - SPIRITUAL DIRECTION, from the proposed Catechism for the Universal Church<br/>Appendix IV - ORIENTATION CONCERNING NOVITIATE<br/><br/>Topical Index<br/><br/>
942 ## - ADDED ENTRY ELEMENTS (KOHA)
Source of classification or shelving scheme Dewey Decimal Classification
Koha item type LIBRO
Dati di copia
Withdrawn status Lost status Source of classification or shelving scheme Damaged status Not for loan Home library Current library Date acquired Total Checkouts Full call number Date last seen Price effective from Koha item type
    Dewey Decimal Classification Buone Condizioni Not For Loan PAULUS-BIBLIOTECA PAULUS-BIBLIOTECA 21/12/2012   P A8 21/12/2012 21/12/2012 LIBRO
CREDITS: SOCIETA' SAN PAOLO Via A.Severo, 58 - ROMA (RM) & PERIODICI SAN PAOLO SRL Via Giotto, 36 MILANO & CISF Via Giotto, 36 MILANO & EDIZIONI SAN PAOLO SRL,  Piazza Soncino, 5 CINISELLO BALSAMO (MI) -- ITALY